000 00477cam a22002051 4500
001 sa 63000347
003 DLC
005 20260227111920.0
008 890615s1962 ii a 000 0 hino
010 _asa 63000347
035 _a(OCoLC)19876519
040 _aDLC
_cWaU
_dDLC
042 _apremarc
050 0 0 _aPK2098.B5
_bG3
100 1 _aBhatnagar, Ram Ratan.
245 1 0 _aGadyāyana.
260 _c[1962]
300 _a120 p.
_billus.
_c19 cm.
500 _aIn Hindi.
999 _c53433
_d53433